[Event "It"]
[Site "Halle (Germany)"]
[Round "0"]
[White "Uhlmann Wolfgang (GER)"]
[Black "Schmidt Wlodzimierz (POL)"]
[Result "1/2-1/2"]
[WhiteElo "2555"]
[BlackElo "2485"]

1.c4 c5 2.Nf3 Nf6 3.g3 d5 4.cxd5 Nxd5 5.Nc3 Nc6 6.Bg2 g6 7.Qb3 Ndb4 8.O-O Bg7
9.d3 Be6 10.Qd1 O-O 11.Be3 b6 12.Qd2 Rc8 13.Bh6 f6 14.Rfd1 Bxh6 15.Qxh6 Nd4
16.h3 Qd7 17.Kh2 Rfd8 18.Nh4 Qe8 19.Rd2 Qf7 20.Be4 Qg7 {#d} 1/2-1/2

[Event "It"]
[Site "Virovitica (Croatia)"]
[Round "4"]
[White "Damjanovic Mato (CRO)"]
[Black "Marangunic Srdjan (CRO)"]
[Result "1/2-1/2"]
[WhiteElo "2430"]
[BlackElo "2470"]

1.c4 c5 2.Nf3 Nf6 3.g3 g6 4.Bg2 Bg7 5.O-O d5 6.cxd5 Nxd5 7.Nc3 O-O 8.Nxd5 Qxd5
9.d3 Nc6 10.Be3 Bd7 11.Nd4 Qd6 12.Nxc6 Bxc6 13.Bxc6 Qxc6 14.Rc1 Qe6 {#d}
1/2-1/2

[Event "Ch Brazil"]
[Site "Brasilia (Brazil)"]
[Round "5"]
[White "Segal Alexandru Sorin (BRA)"]
[Black "Trois Francisco R T (BRA)"]
[Result "1/2-1/2"]
[WhiteElo "2145"]
[BlackElo "2275"]

1.c4 c5 2.Nf3 Nf6 3.g3 b6 4.Bg2 Bb7 5.O-O e6 6.Nc3 Be7 7.d4 cxd4 8.Nxd4 Bxg2
9.Kxg2 Qc8 10.Qd3 O-O 11.b3 a6 12.Bb2 Qb7+ 13.Qf3 Qxf3+ 14.Nxf3 Nc6 15.Rfd1
Rfd8 16.Nd4 {#d} 1/2-1/2

[Event "It (cat.9)"]
[Site "Hannover (Germany)"]
[Round "0"]
[White "Pfleger Helmut Dr (GER)"]
[Black "Ostermeyer Peter Dr (GER)"]
[Result "1/2-1/2"]
[WhiteElo "2505"]
[BlackElo "2450"]

1.c4 c5 2.Nf3 Nf6 3.g3 b6 4.Bg2 Bb7 5.Nc3 g6 6.O-O Bg7 7.d3 O-O 8.e4 e6 9.Re1
Nc6 10.Bf4 d6 11.Qd2 Ng4 12.h3 Nge5 13.Nh2 {#d} 1/2-1/2

[Event "It"]
[Site "Vrnjacka Banja (Serbia)"]
[Round "6"]
[White "Velickovic Sasa (SRB)"]
[Black "Simic Radoslav (SRB)"]
[Result "1/2-1/2"]
[WhiteElo "2409"]
[BlackElo "2380"]

1.c4 c5 2.Nf3 Nf6 3.g3 g6 4.Bg2 Bg7 5.O-O O-O 6.d4 cxd4 7.Nxd4 Nc6 8.Nc2 d6
9.Nc3 Be6 10.Ne3 Qd7 11.Ncd5 Bh3 12.Nxf6+ Bxf6 13.Nd5 Bg7 14.Rb1 Bxg2 15.Kxg2
Rac8 {#d} 1/2-1/2

[Event "It (b)"]
[Site "Eppingen (Germany)"]
[Round "0"]
[White "Raupp Thomas (GER)"]
[Black "Reinhardt Bernd (GER)"]
[Result "1/2-1/2"]
[WhiteElo "2354"]
[BlackElo "2358"]

1.c4 c5 2.Nf3 Nf6 3.g3 b6 4.Bg2 Bb7 5.Nc3 e6 6.O-O Be7 7.d4 cxd4 8.Qxd4 Nc6
9.Qf4 d6 10.Rd1 a6 11.b3 Qc7 12.Ba3 Rd8 13.Rac1 Qb8 14.Rc2 O-O 15.Rcd2 d5
16.Bxe7 Nxe7 17.Qxb8 Rxb8 18.Ne5 dxc4 19.Bxb7 {#d} 1/2-1/2

[Event "Ch. Belarus"]
[Site "Minsk (Belarus)"]
[Round "4"]
[White "Kalinitschew Sergey (GER)"]
[Black "Atlas Valeri (AUT)"]
[Result "1/2-1/2"]
[WhiteElo "2420"]
[BlackElo "2412"]

1.c4 c5 2.Nf3 Nf6 3.g3 b6 4.Bg2 Bb7 5.O-O g6 6.d4 cxd4 7.Qxd4 Bg7 8.Nc3 d6
9.Be3 Nbd7 10.Rac1 Rc8 11.b3 O-O 12.Qd2 Re8 13.Bh3 Rb8 14.Rfd1 Nc5 15.Nd4 Nce4
16.Nxe4 Nxe4 17.Qc2 Nf6 18.b4 Qc7 19.Qa4 e5 {#d} 1/2-1/2

[Event "It"]
[Site "Albacete (Spain)"]
[Round "0"]
[White "Romero Holmes Alfonso (ESP)"]
[Black "De La Villa Garcia Jesus M (ESP)"]
[Result "1/2-1/2"]
[WhiteElo "2430"]
[BlackElo "2430"]

1.c4 c5 2.Nf3 Nf6 3.g3 d5 4.Bg2 Nc6 5.cxd5 Nxd5 6.Nc3 Nxc3 7.bxc3 g6 8.Ng5 Bg7
9.Ne4 Qa5 10.Qb3 Bd7 11.O-O b6 12.e3 O-O 13.d4 cxd4 14.cxd4 Rac8 15.Bd2 Qh5
16.Rac1 Bh3 17.Rfd1 Bxg2 18.Kxg2 Qe2 {#d} 1/2-1/2

[Event "Ch Bayern"]
[Site "Bayern (Germany)"]
[Round "0"]
[White "Reich Thomas (GER)"]
[Black "Mandl Robert (GER)"]
[Result "1/2-1/2"]
[WhiteElo "2391"]
[BlackElo "2288"]

1.c4 c5 2.Nf3 Nf6 3.g3 b6 4.Bg2 Bb7 5.O-O g6 6.Nc3 Bg7 7.a3 Ne4 8.Nxe4 Bxe4
9.d3 Bc6 10.Rb1 O-O 11.b4 d6 12.Bd2 Qc7 13.Qb3 Nd7 14.Rfc1 Rab8 15.Ne1 Rfd8
16.Bc3 Bxc3 {#d} 1/2-1/2

[Event "It (open)"]
[Site "Castrop-Rauxel (Germany)"]
[Round "7"]
[White "Hoen Ragnar (NOR)"]
[Black "Kraidman Yair (ISR)"]
[Result "1/2-1/2"]
[WhiteElo "2247"]
[BlackElo "2425"]

1.c4 c5 2.Nf3 Nf6 3.g3 b6 4.Bg2 Bb7 5.O-O e6 6.Nc3 a6 7.Re1 Be7 8.e4 d6 9.d4
cxd4 10.Nxd4 Qc7 11.Be3 Nbd7 12.Rc1 O-O 13.f4 Rfe8 14.g4 Nc5 15.Bf2 {#d}
1/2-1/2

[Event "Ch World (for the Blind)"]
[Site "Wunsiedel"]
[Date "1990.04.10"]
[Round "3"]
[White "Khamdamov Suhrob (TJK)"]
[Black "Vitale Giacomo (ITA)"]
[Result "1-0"]
[WhiteElo "2288"]
[BlackElo "2028"]

1.c4 c5 2.Nf3 Nf6 3.g3 b6 4.Bg2 Bb7 5.Nc3 e6 6.O-O Nc6 7.d4 d5 8.cxd5 exd5
9.Bg5 Be7 10.dxc5 bxc5 11.Bxf6 Bxf6 12.Nxd5 Bxb2 13.Rb1 Na5 14.Rxb2 Bxd5
15.Rd2 {#r} 1-0

[Event "It \"]
[Site "Budapest (Hungary)"]
[Round "9"]
[White "Rosenthal Dirk (GER)"]
[Black "Bezold Michael (GER)"]
[Result "1/2-1/2"]
[WhiteElo "2419"]
[BlackElo "2355"]

1.c4 c5 2.Nf3 Nf6 3.g3 b6 4.Bg2 Bb7 5.Nc3 e6 6.O-O Be7 7.Re1 d5 8.cxd5 Nxd5
9.d3 O-O 10.Bd2 Nc6 11.Qa4 Rc8 12.a3 {#d} 1/2-1/2

[Event "Memorial Angel Rodrigues (open)"]
[Site "Candas (Spain)"]
[Round "0"]
[White "Rodriguez Lopez Rafael (ESP)"]
[Black "Frois Antonio (POR)"]
[Result "0-1"]
[WhiteElo "2313"]
[BlackElo "2343"]

1.c4 c5 2.Nf3 Nf6 3.g3 e6 4.Bg2 Be7 5.O-O d5 6.cxd5 exd5 7.d4 cxd4 8.Nxd4 O-O
9.Nc3 Nc6 10.h3 Re8 11.Kh2 h6 12.b3 Bc5 13.Nxc6 bxc6 14.e4 Ba6 15.Re1 Bxf2
{#R} 0-1

[Event "Oberliga 1991/92"]
[Site "Hessen (Germany)"]
[Round "0"]
[White "Kuech Holger (GER)"]
[Black "De Luca Claudio (GER)"]
[Result "1/2-1/2"]
[WhiteElo "2190"]
[BlackElo "2230"]

1.c4 c5 2.Nf3 Nf6 3.g3 b6 4.Bg2 Bb7 5.O-O e6 6.Nc3 Be7 7.d4 cxd4 8.Nxd4 Bxg2
9.Kxg2 Qc8 10.Qd3 Nc6 11.b3 O-O 12.Bb2 Rd8 13.Rac1 Nxd4 14.Qxd4 Bc5 15.Qf4
Qb7+ 16.Kg1 d5 {#d} 1/2-1/2

[Event "It (open)"]
[Site "Kassel (Germany)"]
[Round "7"]
[White "Goemann Jens (GER)"]
[Black "Krallmann Matthias (GER)"]
[Result "1/2-1/2"]
[WhiteElo "2152"]
[BlackElo "2275"]

1.c4 c5 2.Nf3 Nf6 3.g3 b6 4.Bg2 Bb7 5.O-O e6 6.Nc3 a6 7.d4 cxd4 8.Qxd4 d6
9.Be3 Nbd7 10.Rfd1 Be7 11.Ng5 Bxg2 12.Kxg2 Rc8 13.Nge4 Rc6 14.Rac1 {#d}
1/2-1/2

[Event "It"]
[Site "Villa Ballester (Argentina)"]
[Round "0"]
[White "Scarella Enrique (ARG)"]
[Black "Saldano Horacio (ESP)"]
[Result "1/2-1/2"]
[WhiteElo "2380"]
[BlackElo "2320"]

1.c4 c5 2.Nf3 Nf6 3.g3 b6 4.Bg2 Bb7 5.O-O g6 6.Nc3 Bg7 7.d4 cxd4 8.Nxd4 Bxg2
9.Kxg2 Qc7 10.Qd3 O-O {#d} 1/2-1/2

[Event "Ch NRW (juniors) (under 13)"]
[Site "Hiddenhausen (Germany)"]
[Round "0"]
[White "Bardacheva Anna (GER)"]
[Black "Zaragatski Ilja (GER)"]
[Result "1/2-1/2"]
[WhiteElo "1630"]
[BlackElo "2474"]

1.c4 c5 2.Nf3 Nf6 3.g3 b6 4.Bg2 Bb7 5.O-O Nc6 6.Nc3 g6 7.Rb1 Bg7 8.d3 O-O
9.Bd2 Rb8 10.a3 d6 11.b4 Qd7 12.b5 Nd8 13.a4 Ne6 14.Qc1 Rfd8 15.Ng5 Nxg5
16.Bxg5 Bxg2 17.Kxg2 Re8 18.Bxf6 Bxf6 19.Rb3 Rbd8 {#d} 1/2-1/2

[Event "Ch Portugal (team)"]
[Site "Portugal"]
[Round "0"]
[White "Gaspar Artur (POR)"]
[Black "Guimaraes Jorge (POR)"]
[Result "1/2-1/2"]
[WhiteElo "2215"]
[BlackElo "2305"]

1.c4 c5 2.Nf3 Nf6 3.g3 b6 4.Bg2 Bb7 5.O-O e6 6.Nc3 Be7 7.d4 cxd4 8.Qxd4 O-O
9.Rd1 d6 10.Bg5 Nc6 11.Qd2 Ne8 12.Nb5 Ne5 13.Bxe7 Qxe7 14.Nxe5 Bxg2 15.Kxg2
dxe5 {#d} 1/2-1/2

[Event "It (open)"]
[Site "San Miguel (Spain)"]
[Round "4"]
[White "Perez Rodney (CUB)"]
[Black "Olea Perez Mario (ESP)"]
[Result "1/2-1/2"]
[WhiteElo "2478"]
[BlackElo "2238"]

1.c4 c5 2.Nf3 Nf6 3.g3 b6 4.Bg2 Bb7 5.O-O g6 6.d4 cxd4 7.Qxd4 Bg7 8.Nc3 O-O
9.Qh4 Qc8 10.Bg5 d6 11.Rac1 Nbd7 12.Nd5 Bxd5 13.cxd5 Qa6 14.Nd4 Qxa2 15.Ra1
Qxb2 16.Rfb1 Qc3 17.Rc1 Qb4 18.Rcb1 Qc4 19.Rc1 Qb4 20.Rcb1 Qc4 21.Rc1 {#d}
1/2-1/2

[Event "It"]
[Site "Kecskemet (Hungary)"]
[Round "2"]
[White "Sarosi Zoltan (HUN)"]
[Black "Pitl Gregory (GER)"]
[Result "1/2-1/2"]
[WhiteElo "2323"]
[BlackElo "2243"]

1.c4 c5 2.Nf3 Nf6 3.g3 b6 4.Bg2 Bb7 5.O-O g6 6.b3 Bg7 7.Bb2 O-O 8.Nc3 e6 9.d4
d5 10.cxd5 exd5 {#d} 1/2-1/2

[Event "It \"]
[Site "St. Petersburg (Russia)"]
[Round "8"]
[White "Timchenko Aleksandr (RUS)"]
[Black "Arykin Aleksey (RUS)"]
[Result "1/2-1/2"]
[WhiteElo "2102"]
[BlackElo "2259"]

1.c4 c5 2.Nf3 Nf6 3.g3 a6 4.Nc3 b6 5.Bg2 Bb7 6.O-O e6 7.b3 Be7 8.Bb2 Qc7 9.e3
O-O 10.d4 d6 11.Rc1 Nbd7 12.Qe2 Rfe8 13.Rfd1 Rac8 14.Ne1 Bf8 15.Bxb7 Qxb7
16.Qf3 Qb8 17.Nd3 {#d} 1/2-1/2

[Event "Oberliga NN 2001/02"]
[Site "Germany"]
[Round "9"]
[White "Stephan Axel (GER)"]
[Black "Sievers Stefan (GER)"]
[Result "1/2-1/2"]
[WhiteElo "2284"]
[BlackElo "2360"]

1.c4 c5 2.Nf3 Nf6 3.g3 b6 4.Bg2 Bb7 5.O-O g6 6.b3 Bg7 7.Bb2 O-O 8.Nc3 Na6 9.d3
d5 10.Nxd5 Nxd5 11.Bxg7 Kxg7 12.cxd5 Bxd5 13.Qd2 Qd6 14.Qb2+ Qf6 15.Qxf6+ {#d}
1/2-1/2

[Event "It (open)"]
[Site "Balaguer (Spain)"]
[Round "7"]
[White "Braga Fernando (AND)"]
[Black "Vilela Jose Luis (CUB)"]
[Result "1/2-1/2"]
[WhiteElo "2465"]
[BlackElo "2396"]

1.c4 c5 2.Nf3 Nf6 3.g3 b6 4.Bg2 Bb7 5.O-O g6 6.Nc3 Bg7 7.d4 cxd4 8.Qxd4 d6
9.Rd1 Nbd7 10.b3 Rc8 11.Bb2 O-O 12.Qe3 a6 13.Rac1 Re8 14.Nd4 Bxg2 15.Kxg2 Rc5
16.f3 Qa8 17.Kg1 Rh5 18.Qf2 Bh6 19.Rb1 Rc5 {#d} 1/2-1/2

[Event "It (cat.13)"]
[Site "Zalaegerszeg (Hungary)"]
[Date "2004.05.01"]
[Round "8"]
[White "Acs Peter (HUN)"]
[Black "Berkes Ferenc (HUN)"]
[Result "1/2-1/2"]
[WhiteElo "2521"]
[BlackElo "2630"]

1.c4 c5 2.Nf3 Nf6 3.g3 b6 4.Bg2 Bb7 5.Nc3 e6 6.O-O Be7 7.d4 cxd4 8.Nxd4 Bxg2
9.Kxg2 Qc8 10.Qd3 Qb7+ 11.Qf3 Qxf3+ 12.Kxf3 a6 {#d} 1/2-1/2

[Event "Memorial V.Arkhipov (cat.12)"]
[Site "Cheliabinsk (Russia)"]
[Date "2007.01.09"]
[Round "1"]
[White "Galstian Beniamin (ARM)"]
[Black "Mkrtchian Lilit (ARM)"]
[Result "1/2-1/2"]
[WhiteElo "2432"]
[BlackElo "2402"]

1.c4 c5 2.Nf3 Nf6 3.g3 g6 4.b3 b6 5.Bb2 Bg7 6.Bg2 Bb7 7.Nc3 O-O 8.O-O Nc6 9.d4
Nxd4 10.Nxd4 Bxg2 11.Kxg2 cxd4 12.Qxd4 {#d} 1/2-1/2

[Event "Tournament"]
[Site "Moscow (Russia)"]
[Date "2007.01.18"]
[Round "9"]
[White "Glotov Mikhail (RUS)"]
[Black "Antipin A (RUS)"]
[Result "1/2-1/2"]
[WhiteElo "2302"]
[BlackElo "2214"]

1.c4 c5 2.Nf3 Nf6 3.g3 b6 4.Bg2 Bb7 5.O-O e6 6.b3 Be7 7.Bb2 O-O 8.Nc3 d5 9.Ne5
Qc7 10.Nb5 Qc8 11.cxd5 Nxd5 12.Nc4 Qd7 13.a4 a6 14.Nc3 Qc7 15.e4 Nxc3 16.dxc3
b5 17.axb5 axb5 18.Rxa8 Bxa8 19.Ne3 {#d} 1/2-1/2

[Event "Tournament (open)"]
[Site "Nizhnij Tagil (Russia)"]
[Date "2007.07.26"]
[Round "3"]
[White "Galiakhmetov Vadim (RUS)"]
[Black "Kozyrev Valeriy (RUS)"]
[Result "1/2-1/2"]
[WhiteElo "1978"]
[BlackElo "2215"]

1.c4 c5 2.Nf3 Nf6 3.g3 b6 4.Bg2 Bb7 5.O-O e6 6.Nc3 Be7 7.d4 cxd4 8.Qxd4 d6
9.Rd1 a6 10.b3 Nbd7 11.Bb2 O-O 12.Ng5 Bxg2 13.Kxg2 Qc7 14.Nge4 Ne8 15.Kg1 Qb7
16.Ba3 Nc5 17.Nxc5 bxc5 18.Qe4 Qxe4 19.Nxe4 {#d} 1/2-1/2

[Event "Ch Region (1 league)"]
[Site "Tula (Russia)"]
[Date "2007.08.10"]
[Round "8"]
[White "Lisutin Dmitri (RUS)"]
[Black "Bragin Artem (RUS)"]
[Result "1/2-1/2"]
[WhiteElo "2004"]
[BlackElo "2042"]

1.c4 c5 2.Nf3 Nf6 3.g3 b6 4.Bg2 Bb7 5.Nc3 e6 6.O-O d6 7.d4 cxd4 8.Qxd4 Be7
9.Rd1 a6 10.Ng5 Bxg2 11.Kxg2 Nc6 12.Qf4 Ra7 13.Nge4 Rd7 14.b3 O-O 15.Ba3 {#d}
1/2-1/2

[Event "Ch Croatia (juniors) (under 13)"]
[Site "Sibenik (Croatia)"]
[Date "2007.09.01"]
[Round "9"]
[White "Mrakovcic Karmen (CRO)"]
[Black "Vujnovic Patricija (CRO)"]
[Result "1/2-1/2"]
[WhiteElo "1768"]
[BlackElo "1940"]

1.c4 c5 2.Nf3 Nf6 3.g3 Nc6 4.Nc3 d5 5.cxd5 Nxd5 6.d3 e5 7.Bg2 Nc7 8.Be3 f6
9.Rc1 Bd7 10.Na4 b6 11.Nd2 Rc8 12.Nb3 Ne6 13.Nc3 Ncd4 14.Bxd4 Nxd4 15.O-O Bc6
16.Bh3 Bd7 17.Bg2 Be6 18.Nd2 Be7 19.e3 Nf5 20.Nf3 O-O 21.Qe2 Qd7 {#d} 1/2-1/2

[Event "Ch Belgium (team) 2007/08"]
[Site "Belgium"]
[Date "2008.03.06"]
[Round "11"]
[White "Petzold Klaus (GER)"]
[Black "De Haan Eric (NED)"]
[Result "1/2-1/2"]
[WhiteElo "2241"]
[BlackElo "2364"]

1.c4 c5 2.Nf3 Nf6 3.g3 b6 4.Bg2 Bb7 5.Nc3 g6 6.O-O Bg7 7.d4 cxd4 8.Qxd4 d6
9.b3 Nbd7 10.Bb2 O-O {#d} 1/2-1/2

[Event "Tournament (juniors) (under 15)"]
[Site "Pila (Poland)"]
[Date "2008.09.20"]
[Round "3"]
[White "Wesolowski Edgar (POL)"]
[Black "Ancuta Adam (POL)"]
[Result "1/2-1/2"]
[WhiteElo "1857"]
[BlackElo "1852"]

1.c4 c5 2.Nf3 Nf6 3.g3 b6 4.Bg2 Bb7 5.O-O e6 6.d4 d5 7.cxd5 Bxd5 8.Nc3 Nc6
9.Nxd5 exd5 10.Qa4 Qd7 11.Bh3 Qb7 12.dxc5 Bxc5 13.Bg5 Ne4 14.Rad1 b5 15.Qc2
O-O 16.a3 Qb6 17.e3 Ne5 18.Nxe5 Nxg5 {#d} 1/2-1/2

[Event "Ch Russia (seniors)"]
[Site "Odintsovo (Russia)"]
[Date "2008.10.11"]
[Round "9"]
[White "Zhukovsky Viacheslav (RUS)"]
[Black "Kudriashov Yuri (RUS)"]
[Result "1/2-1/2"]
[WhiteElo "2071"]
[BlackElo "2242"]

1.c4 c5 2.Nf3 Nf6 3.g3 b6 4.Bg2 Bb7 5.O-O g6 6.d4 cxd4 7.Qxd4 Bg7 8.Qd2 O-O
9.Nc3 Nc6 10.b3 Rc8 11.Bb2 d6 12.e4 Qc7 {#d} 1/2-1/2

[Event "It (open)"]
[Site "Oberwart (Austria)"]
[Date "2010.07.12"]
[Round "3"]
[White "Holzer Gerhard (AUT)"]
[Black "Korn Andreas (AUT)"]
[Result "1/2-1/2"]
[WhiteElo "2203"]
[BlackElo "2022"]

1.c4 c5 2.Nf3 Nf6 3.g3 d5 4.cxd5 Nxd5 5.Bg2 Nc6 6.O-O e5 7.d3 Be7 8.a3 Be6
9.Nc3 O-O 10.Rb1 Nxc3 11.bxc3 Qd7 12.Ng5 Bxg5 13.Bxg5 b6 14.Qa4 Rac8 15.Rfe1
f6 16.Be3 Bd5 17.f3 Rfd8 {#d} 1/2-1/2

[Event "It (open) \"]
[Site "Gornozavodsk (Russia)"]
[Date "2010.11.05"]
[Round "6"]
[White "Ostanin Vadim (RUS)"]
[Black "Chukharev Sergey (RUS)"]
[Result "1/2-1/2"]
[WhiteElo "2301"]
[BlackElo "2324"]

1.c4 c5 2.Nf3 Nf6 3.g3 b6 4.Bg2 Bb7 5.O-O e6 6.Nc3 Be7 7.d4 cxd4 8.Qxd4 d6
9.b3 a6 10.Bb2 Qc7 11.Rac1 Nbd7 12.Rfd1 O-O 13.Ne1 Bxg2 14.Nxg2 Qb7 15.Ne3
{#d} 1/2-1/2

[Event "Ch Paraguay"]
[Site "Asuncion (Paraguay)"]
[Date "2011.09.30"]
[Round "5"]
[White "Ferreira Oscar (PAR)"]
[Black "Valiente Cristobal (PAR)"]
[Result "1/2-1/2"]
[WhiteElo "2286"]
[BlackElo "2263"]

1.c4 c5 2.Nf3 Nf6 3.g3 b6 4.Bg2 Bb7 5.O-O e6 6.Nc3 Be7 7.b3 O-O 8.d4 cxd4
9.Nxd4 Bxg2 10.Kxg2 a6 11.Bb2 Qc7 12.f3 {#d} 1/2-1/2